Teaching Reading in Middle School (Record no. 252179)
[ view plain ]
| 000 -LEADER | |
|---|---|
| fixed length control field | 00286nam a22001217a 4500 |
| 020 ## - INTERNATIONAL STANDARD BOOK NUMBER | |
| ISBN | 0590685600 |
| 082 ## - DEWEY DECIMAL CLASSIFICATION NUMBER | |
| Classification number | LB1632 |
| Item number | .R59 2000 |
| 100 ## - MAIN ENTRY--AUTHOR NAME | |
| Personal name | Laura Robb |
| 245 ## - TITLE STATEMENT | |
| Title | Teaching Reading in Middle School |
| 260 ## - PUBLICATION, DISTRIBUTION, ETC. (IMPRINT) | |
| Year of publication | 2000 |
| Name of publisher | Scholastic; |
| Place of publication | Virginia, USA |
| 300 ## - PHYSICAL DESCRIPTION | |
| Number of Pages | 320p. |
| 942 ## - ADDED ENTRY ELEMENTS (KOHA) | |
| Koha item type | Long Loan Books |
| Withdrawn status | Lost status | Collection code | Home library | Current library | Shelving location | Date acquired | Full call number | Accession Number | Koha item type |
|---|---|---|---|---|---|---|---|---|---|
| Non-fiction | Rongo University Library | Rongo University Library | General Stacks | 28/01/2016 | LB1632 .R59 2000 | 20169170 | Long Loan Books | ||
| Non-fiction | Rongo University Library | Rongo University Library | General Stacks | 28/01/2016 | LB1632 .R59 2000 | 20169169 | Long Loan Books | ||
| Non-fiction | Rongo University Library | Rongo University Library | General Stacks | 28/01/2016 | LB1632 .R59 2000 | 20169168 | Long Loan Books | ||
| Non-fiction | Rongo University Library | Rongo University Library | General Stacks | 28/01/2016 | LB1632 .R59 2000 | 20169167 | Long Loan Books | ||
| Non-fiction | Rongo University Library | Rongo University Library | General Stacks | 28/01/2016 | LB1632 .R59 2000 | 20169171 | Long Loan Books | ||
| Rongo University Library | Rongo University Library | General Stacks | 12/05/2016 | LB1632.R59 2000 | 201612177 | Long Loan Books | |||
| Rongo University Library | Rongo University Library | General Stacks | 12/05/2016 | LB1632.R59 2000 | 201612178 | Long Loan Books | |||
| Rongo University Library | Rongo University Library | General Stacks | 12/05/2016 | LB1632.R59 2000 | 2016123179 | Long Loan Books | |||
| Rongo University Library | Rongo University Library | 12/05/2016 | LB1632.R59 2000 | 201612180 | Long Loan Books | ||||
| Non-fiction | Rongo University Library | Rongo University Library | General Stacks | 26/05/2016 | LB1632.59 2000 | 20155964 | Long Loan Books | ||
| Non-fiction | Rongo University Library | Rongo University Library | General Stacks | 27/05/2016 | LB1632.R59 2000 | 20155966 | Long Loan Books | ||
| Non-fiction | Rongo University Library | Rongo University Library | General Stacks | 13/07/2016 | LB1632 .R59 2000 | 201618210 | Long Loan Books | ||
| Non-fiction | Rongo University Library | Rongo University Library | General Stacks | 07/03/2017 | LB1632.R59 2000 | 201615942 | Long Loan Books | ||
| Non-fiction | Rongo University Library | Rongo University Library | General Stacks | 07/03/2017 | LB1632.R59 2000 | 20161594 | Long Loan Books | ||
| Non-fiction | Rongo University Library | Rongo University Library | General Stacks | 27/06/2017 | LB1632.R59 2000 | 201614914 | Long Loan Books | ||
| Non-fiction | Rongo University Library | Rongo University Library | General Stacks | 18/12/2024 | LB1632.R59 2000 | 201612179 | Long Loan Books |
